Proposiciones metodológicas para el estudio de la política de Estados Unidos hacia América Latina /
Spremljeno u:
| Glavni autor: | |
|---|---|
| Daljnji autori: | |
| Format: | Tekst |
| Teme: | |
| Oznake: |
Dodaj oznaku
Bez oznaka, Budi prvi tko označuje ovaj zapis!
|
MARC
| LEADER | 00000 a a2200000 04500 | ||
|---|---|---|---|
| 001 | 43578 | ||
| 003 | |||
| 040 | |||
| 100 | |a Cavalla, Antonio | ||
| 245 | |a Proposiciones metodológicas para el estudio de la política de Estados Unidos hacia América Latina / |c Antonio Cavalla, Luis Maira, et al. | ||
| 650 | |a RELACIONES INTERNACIONALES | ||
| 650 | |a ESTADOS UNIDOS | ||
| 650 | |a AMERICA LATINA | ||
| 650 | |a POLITICA EXTERIOR | ||
| 700 | |a Maira, Luis | ||
| 773 | |g volumen9, número27 ( , 1980), páginas 169-180 | ||
| 999 | |c 27220 |d 27220 | ||
| 773 | 0 | |0 18875 |9 5349 |a Universidad de Costa Rica. |d San José, Costa Rica: Universidad de Costa Rica. Consejo Superior Universitario Centroamericano, 1972- |o 14371 |t Estudios Sociales Centroamericanos / |x 03039676 | |
